000 00292nam a22001337a 4500
008 180315b xxu||||| |||| 00| 0 eng d
020 _a9780495987710
041 _aeng
080 _a33
100 _a57
101 _aBIZ
245 _aSoftware tools for business
_cShelly
942 _2udc
_cBK
999 _c45119
_d45119